Statistics for Scooby Doo

Click here to take the quiz!

General Stats

  • This quiz has been taken 173 times
  • The average score is 8 of 15

Answer Stats

Answer% Correct
Has an ascotfred
97%
Wears an orange cowl neck sweatervelma
97%
Character that wears a green shirtshaggy
91%
This character never leaves home without an extra pair of heelsdaphne
89%
The van they drivemystery machine
89%
What treat do scooby and shaggy both like?scooby snacks
74%
Scoobys evil cousinscrappy
68%
Scoobys cousin with a red hatscooby dum
57%
Always called this after solving a case.....meddling kids
51%
What is the gangs favorite band?hex girls
33%
Name of the the band player who wears green?dusk
12%
Shaggys real nameNorville Rodgers
12%
Scoobys real nameScoobert Doobert
12%
purple?luna
11%
red?thorn
10%

Score Distribution

Percentile by Number Answered

Percent of People with Each Score

Your Score History

You have not taken this quiz